[Event "AUT-ch U16/U18 Girls"]
[Site "St Veit"]
[Date "2017.04.11"]
[Round "4"]
[White "Sakic, Belma"]
[Black "Felleitner, Christina"]
[Result "0-1"]
[WhiteElo "1191"]
[BlackElo "1157"]
[PlyCount "88"]
[EventDate "2017.04.09"]
[EventType "swiss"]
[EventRounds "7"]
[EventCountry "AUT"]
[SourceTitle "CBM 178 Extra"]
[Source "ChessBase"]
[SourceDate "2017.06.22"]
[SourceVersion "1"]
[SourceVersionDate "2017.06.22"]
[SourceQuality "1"]

1. e4 e5 2. Nf3 Nc6 3. Bc4 Bc5 4. c3 Nf6 5. d3 0-0 6. Bg5 d6 7. 0-0 Be6 8. Bb3 Ne7 9. h3 Ng6 10. Re1 c6 11. d4 exd4 12. cxd4 Bb4 13. Nbd2 Qd7 14. Bxf6 Bxh3 15. g3 Qg4 16. Ng5 gxf6 17. Nxh3 Qxh3 18. Re3 Bxd2 19. Qxd2 Rae8 20. Qb4 Qd7 21. Rd1 d5 22. Rde1 Rxe4 23. Rxe4 dxe4 24. Rxe4 f5 25. Re1 f4 26. Kh2 fxg3+ 27. fxg3 b6 28. Ba4 Qc7 29. Re4 f5 30. Bb3+ Kh8 31. Re6 c5 32. dxc5 bxc5 33. Qc3+ Qg7 34. Qxc5 Qxb2+ 35. Kh3 Rd8 36. Qxf5 Qg7 37. Rf6 Qh6+ 38. Kg2 Qd2+ 39. Kh3 Qh6+ 40. Kg4 Rd4+ 41. Qf4 Rxf4+ 42. Rxf4 Nxf4 43. gxf4 Qg6+ 44. Kf3 h5 0-1

[Event "AUT-ch U16/U18 Girls"]
[Site "St Veit"]
[Date "2017.04.09"]
[Round "1"]
[White "Sakic, Belma"]
[Black "Busuioc, Alexandra"]
[Result "0-1"]
[WhiteElo "1191"]
[BlackElo "1911"]
[PlyCount "64"]
[EventDate "2017.04.09"]
[EventType "swiss"]
[EventRounds "7"]
[EventCountry "AUT"]
[SourceTitle "CBM 178 Extra"]
[Source "ChessBase"]
[SourceDate "2017.06.22"]
[SourceVersion "1"]
[SourceVersionDate "2017.06.22"]
[SourceQuality "1"]

1. e4 e5 2. Nf3 Nc6 3. Nc3 Nf6 4. Bc4 Bc5 5. d3 d6 6. Bg5 h6 7. Bd2 Na5 8. Bb5+ c6 9. Ba4 b5 10. Bb3 0-0 11. 0-0 Qe7 12. h3 Nxb3 13. axb3 Be6 14. Qe2 Nd7 15. Na2 f5 16. b4 Bb6 17. Nc3 Rf7 18. Be3 Raf8 19. Bxb6 axb6 20. Ra7 fxe4 21. Qxe4 Bxh3 22. gxh3 Rxf3 23. Qg4 R8f5 24. Ra8+ Nf8 25. Ne4 d5 26. Nd2 R3f4 27. Qg6 Rg5+ 28. Qxg5 Qxg5+ 29. Kh2 Rf5 30. f3 Qxd2+ 31. Kg1 Rg5+ 32. Kh1 Qg2# 0-1

[Event "AUT-ch U16/18 Girls"]
[Site "St Veit"]
[Date "2016.03.20"]
[Round "2"]
[White "Sakic, Belma"]
[Black "Polterauer, Chiara"]
[Result "0-1"]
[WhiteElo "1169"]
[BlackElo "1944"]
[PlyCount "47"]
[EventDate "2016.03.20"]
[EventType "swiss"]
[EventRounds "7"]
[EventCountry "AUT"]
[SourceTitle "CBM 171 Extra"]
[Source "ChessBase"]
[SourceDate "2016.04.26"]
[SourceVersion "1"]
[SourceVersionDate "2016.04.26"]
[SourceQuality "1"]

1. e4 e5 2. Nf3 Nc6 3. Bc4 Bc5 4. Nc3 Nf6 5. d3 d6 6. Bg5 h6 7. Bh4 g5 8. Bg3 Be6 9. Bxe6 fxe6 10. a3 a6 11. h3 Qe7 12. Ne2 Ba7 13. Qd2 Qf7 14. Nc3 Nh5 15. Bh2 Rg8 16. 0-0-0 0-0-0 17. Rdf1 Rg7 18. Qe2 Nf4 19. Bxf4 gxf4 20. Nh4 Rdg8 21. g3 Nd4 22. Qd1 Qf6 23. Qh5 f3 24. Nd5 0-1

[Event "AUT-ch U16/U18 Girls"]
[Site "St Veit"]
[Date "2015.03.31"]
[Round "4.7"]
[White "Sakic, Belma"]
[Black "Lasinger, Melanie"]
[Result "0-1"]
[WhiteElo "1095"]
[BlackElo "1491"]
[PlyCount "40"]
[EventDate "2015.03.29"]
[EventType "swiss"]
[EventRounds "7"]
[EventCountry "AUT"]
[SourceTitle "EXT 2024"]
[Source "ChessBase"]
[SourceDate "2023.10.10"]
[SourceVersion "1"]
[SourceVersionDate "2023.10.10"]
[SourceQuality "1"]

1. e4 c5 2. Ne2 d6 3. g3 Nf6 4. Bg2 e5 5. Nbc3 a6 6. d3 Nbd7 7. Be3 Be7 8. 0-0 0-0 9. h3 Rb8 10. g4 h6 11. f4 exf4 12. Rxf4 Ne5 13. Ng3 Nfxg4 14. Nf5 Nxe3 15. Nxe3 Bg5 16. Ncd5 Bxf4 17. Nxf4 Qg5 18. Ned5 Be6 19. d4 cxd4 20. Qxd4 Nf3+ 0-1

[Event "AUT-ch U16/U18 Girls"]
[Site "St Veit"]
[Date "2015.03.31"]
[Round "5.7"]
[White "Tscharnuter, Alexandra"]
[Black "Sakic, Belma"]
[Result "1/2-1/2"]
[WhiteElo "1535"]
[BlackElo "1095"]
[PlyCount "68"]
[EventDate "2015.03.29"]
[EventType "swiss"]
[EventRounds "7"]
[EventCountry "AUT"]
[SourceTitle "EXT 2024"]
[Source "ChessBase"]
[SourceDate "2023.10.10"]
[SourceVersion "1"]
[SourceVersionDate "2023.10.10"]
[SourceQuality "1"]

1. e4 e5 2. Nf3 Nc6 3. Bb5 a6 4. Bxc6 dxc6 5. d4 Bg4 6. dxe5 Qxd1+ 7. Kxd1 Bxf3+ 8. gxf3 0-0-0+ 9. Ke2 Re8 10. Bf4 f6 11. exf6 Nxf6 12. Nd2 Bd6 13. Bg3 Nh5 14. Nc4 Re6 15. Rad1 Rd8 16. Rd2 Bxg3 17. Rxd8+ Kxd8 18. fxg3 b5 19. Rd1+ Kc8 20. Ne3 Nf6 21. a3 Nd7 22. Ng4 h5 23. Nf2 Ne5 24. b3 g5 25. Nd3 g4 26. Nxe5 Rxe5 27. Ke3 gxf3 28. Kxf3 Rc5 29. Rd2 a5 30. Ke3 Rc3+ 31. Kd4 b4 32. a4 Kd7 33. Ke5+ Ke7 34. Rf2 Rc5+ 1/2-1/2

[Event "AUT-ch U12 Girls"]
[Site "Tschagguns"]
[Date "2012.05.28"]
[Round "5"]
[White "Sakic, Belma"]
[Black "Zeber, Katja"]
[Result "0-1"]
[WhiteElo "1104"]
[BlackElo "1189"]
[PlyCount "90"]
[EventDate "2012.05.26"]
[EventType "swiss"]
[EventRounds "7"]
[EventCountry "AUT"]
[SourceTitle "CBM 148 Extra"]
[Source "ChessBase"]
[SourceDate "2012.06.22"]
[SourceVersion "1"]
[SourceVersionDate "2012.06.22"]
[SourceQuality "1"]

1. e4 e5 2. Nf3 Bd6 3. Nc3 Nc6 4. Bb5 a6 5. Bxc6 bxc6 6. 0-0 Nf6 7. d3 h6 8. Bd2 Bc5 9. Na4 Ba7 10. Nxe5 0-0 11. Bb4 Re8 12. Bc3 Bb7 13. Ng4 Nh7 14. Qf3 Ng5 15. Qf5 Nh7 16. Qf4 d5 17. exd5 cxd5 18. Rae1 Bc6 19. b3 Bxa4 20. bxa4 Rb8 21. Ne5 Qd6 22. Qxf7+ Kh8 23. Ng4 Qf8 24. Qxf8+ Rxf8 25. Re7 d4 26. Ba5 Bc5 27. Rxc7 Bd6 28. Rc6 Ba3 29. Rxa6 Rb2 30. Bc7 Rxc2 31. Be5 Re8 32. Bxd4 Rc1 33. Rxc1 Bxc1 34. h3 Re1+ 35. Kh2 Re8 36. Ra7 Rg8 37. Rc7 Bf4+ 38. g3 Bxc7 39. Ne3 Ra8 40. Nf5 Nf6 41. Bxf6 gxf6 42. Nxh6 Rxa4 43. Nf5 Rxa2 44. d4 Rxf2+ 45. Kg1 Rxf5 0-1

[Event "AUT-ch U12 Girls"]
[Site "Tschagguns"]
[Date "2012.05.26"]
[Round "1"]
[White "Sakic, Belma"]
[Black "Martic, Matea"]
[Result "0-1"]
[WhiteElo "1104"]
[BlackElo "1313"]
[PlyCount "48"]
[EventDate "2012.05.26"]
[EventType "swiss"]
[EventRounds "7"]
[EventCountry "AUT"]
[SourceTitle "CBM 148 Extra"]
[Source "ChessBase"]
[SourceDate "2012.06.22"]
[SourceVersion "1"]
[SourceVersionDate "2012.06.22"]
[SourceQuality "1"]

1. e4 e5 2. Nf3 Nc6 3. Nc3 Nf6 4. Bb5 Bb4 5. a3 Ba5 6. b4 Bb6 7. d3 0-0 8. 0-0 h6 9. Bxc6 dxc6 10. Nxe5 Bd4 11. Bb2 Bxe5 12. g3 Bh3 13. Re1 Nd7 14. Qh5 Be6 15. Rad1 Qf6 16. Rd2 Bxc3 17. Bxc3 Qxc3 18. Rde2 Nf6 19. Qa5 b6 20. Qa6 Nd7 21. Qb7 Rfc8 22. Qa6 Rab8 23. b5 Nc5 24. Rb1 Nxa6 0-1